000 01411nam0a22003371 4500
001 RU\INFOCOMM_322\NLR\5000157054
005 20250613105749.0
035 _a(NLR Aleph) 009530679
090 _a8885632
_c8885632
100 _a20130207d1987 |||y0rusy50 ca
101 1 _aeng
102 _aRU
105 _ay z |||||
200 1 _aGainful employment of the blind
_fElena Libman, Tatiana Melkumiants, Mikhail Reifman
_g[Transl. by Desiatnik I. A.]
_gAll-Russia assoc. of the blind
205 _a2d ed.
210 _aM.
_cAll-Russia assoc. of the blind
_d1987
215 _a53 с.
_cил.
_d17 см
300 _aВ вып. дан.: Рациональное качественное трудовое устройство слепых / Елена Соломоновна Либман, Татьяна Арамовна Мелкумянц, Михаил Беньяминович Рейфман
606 0 _aСлепые
_xТрудоустройство
_2nlr_sh1
620 _aМосква
686 _aУ27(2)227
_2rubbk
686 _aР11(2)339.670.28
_2rubbk
700 1 _aLibman
_bE. S.
_gElena Solomonovna
701 1 _9z01790
_aMelkumjanc
_bT. A.
_gTat'jana Aramovna
701 1 _aReifman
_bM. B.
_gMichail Ben'jaminovič
790 1 _9z01701
_aMelkumiants
_bT.
_gTatiana
_4070
801 1 _aRU
_bInfocomm
_c20130207
801 0 _aRU
_bINFOCOMM
_gPSBO
852 _aNLR
_jЭк75 Д-2/100
942 _cBOOK
980 _aNB